Two Faced - Linkin Park - All Lyrics - Statistics

General Stats
  • This quiz has been taken 125 times
    123 since last reset
  • The average score is 246 of 323
Answer Stats
Answer % Correct
I
100%
a
97%
faced,
97%
faced)
97%
the
97%
The
97%
Two
97%
(Two
97%
in
95%
in,
95%
to
95%
middle
94%
middle,
94%
caught
90%
Caught
90%
it
89%
time,
87%
you
86%
You
86%
zero
86%
countin'
84%
Countin'
84%
was
83%
for
81%
my
81%
It's
79%
late,
79%
late
79%
too
79%
Too
79%
Last
78%
should
78%
by
76%
me
76%
me,
76%
can't
75%
choosing
75%
have
75%
not,
73%
not
73%
thread
73%
yeah
73%
hanging
71%
sides
71%
hear
70%
that
70%
think
70%
think,
70%
recognized
68%
fair
67%
myself
67%
at
65%
but
65%
head
65%
Stop
65%
stop
65%
all
63%
Your
62%
your
62%
over
60%
put
59%
rules
59%
there
59%
yelling
59%
That's
56%
that's
56%
when
56%
aren't
54%
light's
54%
bear
52%
do
52%
(Do)
52%
like
52%
run
52%
told
52%
true
52%
(True)
52%
vivid,
52%
wasn't
52%
where
52%
behind,
51%
blind
51%
give
51%
I'm
51%
And
49%
dark's
49%
did
49%
truth's
49%
start
48%
edge
46%
say
46%
So
46%
why
46%
Get
44%
realize
44%
Tryna
44%
into
43%
right
43%
rigid,
43%
one
41%
didn't
40%
every
40%
out
37%
clues
33%
kept
33%
figured
30%
missin'
30%
things
30%
never
27%
realized
27%
pointin'
22%
Beginnin'
21%
finger
21%
led
21%
No matching quizzes found
Score Distribution
Percent of People with Each Score
Percentile by Number Answered
Your Score History
You have not taken this quiz since the last reset